<?xml version="1.0" encoding="UTF-8"?>
<record
    xmlns:xsi="http://www.w3.org/2001/XMLSchema-instance"
    xsi:schemaLocation="http://www.loc.gov/MARC21/slim http://www.loc.gov/standards/marcxml/schema/MARC21slim.xsd"
    xmlns="http://www.loc.gov/MARC21/slim">

  <leader>01724nam a2200193 a 4500</leader>
  <controlfield tag="008">161215e2022    ag  |||g |||| 00| f spa d</controlfield>
  <datafield tag="020" ind1=" " ind2=" ">
    <subfield code="a">9789500766647</subfield>
  </datafield>
  <datafield tag="041" ind1=" " ind2=" ">
    <subfield code="a">spa</subfield>
  </datafield>
  <datafield tag="092" ind1=" " ind2=" ">
    <subfield code="c">863</subfield>
    <subfield code="l">3</subfield>
    <subfield code="s">ALL</subfield>
  </datafield>
  <datafield tag="100" ind1="1" ind2=" ">
    <subfield code="a">Allende, Isabel</subfield>
    <subfield code="9">3210</subfield>
  </datafield>
  <datafield tag="245" ind1=" " ind2=" ">
    <subfield code="a">Violeta /</subfield>
    <subfield code="c">Isabel Allende</subfield>
  </datafield>
  <datafield tag="250" ind1=" " ind2=" ">
    <subfield code="a">5a ed.</subfield>
  </datafield>
  <datafield tag="260" ind1=" " ind2=" ">
    <subfield code="a">Buenos Aires:</subfield>
    <subfield code="b">Sudamericana;</subfield>
    <subfield code="c">2022.</subfield>
  </datafield>
  <datafield tag="300" ind1=" " ind2=" ">
    <subfield code="a">400 p.</subfield>
    <subfield code="c">23x16 cm.</subfield>
  </datafield>
  <datafield tag="500" ind1=" " ind2=" ">
    <subfield code="a">Allende, I. (2022). Violeta. (5a ed.). Buenos Aires : Sudamericana.</subfield>
  </datafield>
  <datafield tag="505" ind1=" " ind2=" ">
    <subfield code="a">Violeta, la primera ni&#xF1;a de una familia de cinco bulliciosos hermanos, viene al mundo un tormentoso d&#xED;a de 1920. Desde el principio su vida estar&#xE1; marcada por acontecimientos extraordinarios, pues todav&#xED;a no se sienten las ondas expansivas de la Gran Guerra cuando la gripe espa&#xF1;ola llega a las orillas de su pa&#xED;s sudamericano, casi en el momento exacto de sus nacimiento. Gracias a la clarividencia del padre, la familia saldr&#xE1; indemne de esta crisis para enfrentarse a una nueva, cuando la Gran Depresi&#xF3;n altera la elegante vida urbana que Violeta ha conocido hasta ahora. Lo perder&#xE1;n todo y se ver&#xE1;n obligados a retirarse a una regi&#xF3;n salvaje y remota del pa&#xED;s. All&#xED; Violeta alcanzar&#xE1; la mayor&#xED;a de esas y tendr&#xE1; su primer pretendiente... En una larga carta dirigida a una persona a la que ama por encima de todas las dem&#xE1;s, Violeta rememora devastadores desenga&#xF1;os amorosos y romances apasionados,momentos de pobreza y tambi&#xE9;n de prosperidad, p&#xE9;rdidas terribles e inmensas alegr&#xED;as. Moldear&#xE1;n su vida algunos de los grandes sucesos de la historia: la lucha por los derechos de la mujer, el auge y la ca&#xED;da de tiranos y, en &#xFA;ltima instancia, no una sino dos pandemias. </subfield>
  </datafield>
  <datafield tag="655" ind1=" " ind2=" ">
    <subfield code="a">Novela</subfield>
    <subfield code="9">3091</subfield>
  </datafield>
  <datafield tag="942" ind1=" " ind2=" ">
    <subfield code="2">ddc</subfield>
    <subfield code="c">LIT</subfield>
  </datafield>
  <datafield tag="999" ind1=" " ind2=" ">
    <subfield code="c">3292</subfield>
    <subfield code="d">3292</subfield>
  </datafield>
  <datafield tag="952" ind1=" " ind2=" ">
    <subfield code="0">0</subfield>
    <subfield code="1">0</subfield>
    <subfield code="2">ddc</subfield>
    <subfield code="4">0</subfield>
    <subfield code="7">0</subfield>
    <subfield code="a">BFM</subfield>
    <subfield code="b">BFM</subfield>
    <subfield code="c">CR</subfield>
    <subfield code="d">2025-07-25</subfield>
    <subfield code="e">Donaci&#xF3;n Guerra, Valeria. Julio 2025.</subfield>
    <subfield code="l">0</subfield>
    <subfield code="o">808 3 ALL</subfield>
    <subfield code="p">5067</subfield>
    <subfield code="r">2025-07-25</subfield>
    <subfield code="t">Ej. 1</subfield>
    <subfield code="w">2025-07-25</subfield>
    <subfield code="y">LIT</subfield>
    <subfield code="z">Donaci&#xF3;n Guerra, Valeria. Julio 2025. Sede Tordos.</subfield>
    <subfield code="f"></subfield>
  </datafield>
</record>
